000 01528cam a2200373 a 4500
003 CHAP
005 20220817044007.0
008 050215d2003 mx r 10100 spa d
010 _a89568
011 _a90540
035 _a101096
040 _cCHAP
082 0 4 _a635.063
_bC63a 2003
111 0 0 _aCongreso Nacional de la Sociedad Mexicana de Ciencias Hortícolas
_n(10 :
_d2003 :
_cChapingo, Méx.)
245 1 0 _aAnexo de simposia y memoria de resúmenes
_c/por la Sociedad Mexicana de Ciencias Hortícolas
260 _aChapingo, Méx. :
_bSociedad Mexicana de Ciencias Hortícolas,
_c2003.
300 _a44 p.
590 _aBATCH-UPD
_b10
_c20130110
_lUCH01
_h0824
590 _aBATCH-UPD
_b10
_c20130410
_lUCH01
_h0502
590 _aBATCH-UPD
_b10
_c20130914
_lUCH01
_h1448
590 _aCONVERSION
_b10
_c20130109
_lUCH01
_h1350
650 1 4 _aFruticultura
_xCongresos.
_943712
650 1 4 _aHorticultura
_xCongresos.
_956318
650 1 4 _aLegumbres
_xCongresos.
_965695
650 1 4 _aPlantas ornamentales
_xCongresos.
_989058
710 0 _aSociedad Mexicana de Ciencias Hortícolas.
_9108082
711 0 _aCongreso Internacional de Horticultura Ornamental
_n(2 :
_dChapingo, Méx. :
_c2003)
_926761
711 0 _aCongreso Nacional de Horticultura Ornamental
_n(9 :
_d2003 :
_cChapingo, Méx.)
_927011
901 _aBK
905 _aLilia
942 _cLIBRO
949 _a635.063 C63a 2003
_bBC
_cCONG
_d33724000933685
_eCONG
_h105021
_i101096
_sb
949 _a635.063 C63a 2003
_bBC
_cUACH
_d33724000933628
_eUACH
_fc.2
_h105022
_i101096
_sb
999 _c89568
_d89568